LEADER 01082nam0-22003131i-450- 001 990006858300403321 005 20091019142915.0 035 $a000685830 035 $aFED01000685830 035 $a(Aleph)000685830FED01 035 $a000685830 100 $a20010426d1997----km-y0itay50------ba 101 0 $aeng 102 $aIT 105 $ay-------001yy 200 1 $aVoluntary agreements as a substitute for regulations and economic instruments$elessons from the German voluntaryagreements on CO2 reduction$fEberhard Jochem and Wolfgang Eichhammer 210 $aMilano$cFondazione Eni Enrico Mattei$d1997 215 $a27 p.$d21 cm 225 1 $aNote di lavoro della Fondazione ENI Enrico Mattei$v19 676 $a338.5 700 1$aJochem,$bEbehard$0411536 701 1$aEichhammer,$bWolfgang$0253390 801 0$aIT$bUNINA$gRICA$2UNIMARC 901 $aBK 912 $a990006858300403321 952 $aCOLLEZ. 1703 (19)$b30603$fFSPBC 959 $aFSPBC 996 $aVoluntary agreements as a substitute for regulations and economic instruments$9624528 997 $aUNINA